[Event "DVM U16 2007"]
[Site "Uelzen GER"]
[Date "2007.12.28"]
[Round "3"]
[White "Günnigmann, Manuel"]
[Black "Haidar, Marcel"]
[Result "1-0"]
[Termination "normal"]
[Board "1.4"]
[WhiteElo "1945"]
[BlackElo "1599"]
[WhiteTeam "Post SV Uelzen"]
[BlackTeam "SF Brackel"]
[PlyCount "81"]
[WhiteFideId "24640360"]
[EventCountry "GER"]
[EventRounds "7"]
[EventType "team-swiss"]
[EventDate "2007.12.26"]

1. e4 e5 2. Nf3 Nc6 3. Bb5 a6 4. Ba4 Nf6 5. O-O b5 6. Bb3 Be7 7. Re1 O-O 8. d3
d6 9. c3 Bg4 10. Nbd2 Na5 11. Bc2 c5 12. h3 Bh5 13. Nf1 Nc6 14. Ng3 Bxf3 15.
Qxf3 d5 16. Nf5 d4 17. Qg3 Nh5 18. Qg4 g6 19. Nxe7+ Qxe7 20. Qf3 dxc3 21. bxc3
b4 22. Ba4 Rfc8 23. Bxc6 Rxc6 24. cxb4 cxb4 25. Be3 Rac8 26. d4 exd4 27. Bxd4
Ng7 28. Rad1 Rc2 29. Qb3 Ne6 30. Ba1 Qa7 31. Qf3 h5 32. Qf6 Kh7 33. Bb2 Rg8 34.
Rd5 Nf4 35. Qxf4 Rxb2 36. Red1 Qb8 37. Qxf7+ Rg7 38. Qf6 Rc2 39. Rd8 Qb5 40.
Qf8 Kh6 41. R8d7 1-0

[Event "DVM U16 2007"]
[Site "Uelzen GER"]
[Date "2007.12.28"]
[Round "3"]
[White "Jorczik, Julian"]
[Black "Seyb, Alexander"]
[Result "1-0"]
[Termination "normal"]
[Board "2.1"]
[WhiteTitle "FM"]
[WhiteElo "2362"]
[BlackElo "2235"]
[WhiteTeam "SK München Südost"]
[BlackTeam "FSV Großenseebach"]
[PlyCount "45"]
[WhiteFideId "24611719"]
[BlackFideId "4699033"]
[EventCountry "GER"]
[EventRounds "7"]
[EventType "team-swiss"]
[EventDate "2007.12.26"]

1. d4 Nf6 2. c4 e6 3. Nf3 b6 4. a3 Bb7 5. Nc3 d5 6. cxd5 Nxd5 7. Qc2 Be7 8. e4
Nxc3 9. bxc3 O-O 10. Bd3 c5 11. O-O Qc8 12. Qe2 Rd8 13. Rd1 Ba6 14. Bf4 Qb7 15.
d5 exd5 16. exd5 Bf6 17. Ng5 Bxc3 18. Bxh7+ Kf8 19. Qf3 Bxa1 20. Ne6+ fxe6 21.
Bd6+ Ke8 22. dxe6 Rxd6 23. Bg6+ 1-0

[Event "DVM U16 2007"]
[Site "Uelzen GER"]
[Date "2007.12.28"]
[Round "3"]
[White "Linsenmeyer, Mario"]
[Black "Raykhman, Alexander"]
[Result "1-0"]
[Termination "normal"]
[Board "2.2"]
[WhiteElo "2097"]
[BlackElo "2073"]
[WhiteTeam "FSV Großenseebach"]
[BlackTeam "SK München Südost"]
[PlyCount "73"]
[WhiteFideId "24635138"]
[BlackFideId "24637033"]
[EventCountry "GER"]
[EventRounds "7"]
[EventType "team-swiss"]
[EventDate "2007.12.26"]

1. e4 c5 2. Nf3 d6 3. d4 cxd4 4. Nxd4 Nf6 5. Nc3 a6 6. Bc4 e6 7. Bb3 b5 8. Bg5
Be7 9. Qf3 Qb6 10. Rd1 Nbd7 11. O-O Nc5 12. Rfe1 Bb7 13. Qg3 Nfxe4 14. Nxe4
Nxe4 15. Rxe4 Bxg5 16. Rxe6+ fxe6 17. Nxe6 Be7 18. Nxg7+ Kd7 19. Nf5 Rhe8 20.
Qg7 Be4 21. Nxd6 Qxd6 22. Rxd6+ Kxd6 23. Qd4+ Kc7 24. Qxe4 Bc5 25. Qf4+ Bd6 26.
Qd2 Rf8 27. Bd5 Rae8 28. Qc3+ Kb8 29. Bf3 b4 30. Qd2 Rd8 31. Qe3 Bc7 32. Qe4
Kc8 33. Qa8+ Kd7 34. Bg4+ Ke7 35. Qe4+ Kf6 36. Qxh7 Bxh2+ 37. Qxh2 1-0

[Event "DVM U16 2007"]
[Site "Uelzen GER"]
[Date "2007.12.28"]
[Round "3"]
[White "Höfelsauer, Thomas"]
[Black "Kirch, Florian"]
[Result "1-0"]
[Termination "normal"]
[Board "2.3"]
[WhiteElo "2019"]
[BlackElo "1976"]
[WhiteTeam "SK München Südost"]
[BlackTeam "FSV Großenseebach"]
[PlyCount "147"]
[WhiteFideId "24668842"]
[BlackFideId "24605794"]
[EventCountry "GER"]
[EventRounds "7"]
[EventType "team-swiss"]
[EventDate "2007.12.26"]

1. e4 e5 2. Bc4 Nc6 3. Nf3 Be7 4. d3 Nf6 5. O-O O-O 6. c3 d6 7. Re1 Bg4 8. h3
Bh5 9. Nbd2 Re8 10. Nf1 a6 11. Bb3 Bf8 12. Ng3 Bg6 13. Nh4 Na5 14. Bc2 c5 15.
Nxg6 hxg6 16. f4 Nc6 17. f5 Ne7 18. Bb3 gxf5 19. exf5 Nc6 20. Nh5 Na5 21. Bc2
Be7 22. Re3 Rc8 23. Rg3 Nxh5 24. Qxh5 Bf8 25. f6 Qxf6 26. d4 e4 27. Be3 Rc7 28.
Rf1 Qe6 29. d5 Qe5 30. Rg5 Qe7 31. Rf4 f6 32. Bxe4 Qxe4 33. Rxe4 Rxe4 34. Rg3
Nc4 35. Bh6 Re1+ 36. Kf2 Re5 37. Qh4 Nxb2 38. Qg4 Rce7 39. Bc1 Re4 40. Qf3 Nc4
41. Rg4 Rxg4 42. Qxg4 Ne5 43. Qd1 c4 44. Be3 Nd3+ 45. Kf3 Re5 46. Bd4 Rxd5 47.
Qe2 Rf5+ 48. Kg4 Rg5+ 49. Kf3 d5 50. Qe6+ Kh7 51. g4 Bc5 52. h4 Ne5+ 53. Ke2
Ng6 54. Qc8 Nxh4 55. Bxc5 Ng6 56. Bd4 Ne5 57. Qxb7 Rxg4 58. Qxd5 Nd3 59. Qf5+
Rg6 60. Be3 Ne5 61. Bf4 Kg8 62. Bxe5 Rg2+ 63. Kf1 Rxa2 64. Bd4 Ra1+ 65. Ke2 a5
66. Qe6+ Kh7 67. Qxc4 Rh1 68. Qb5 Rh2+ 69. Bf2 Rh6 70. Qxa5 g5 71. Qf5+ Kg7 72.
c4 Rg6 73. c5 g4 74. c6 1-0

[Event "DVM U16 2007"]
[Site "Uelzen GER"]
[Date "2007.12.28"]
[Round "3"]
[White "Quaschner, Tobias"]
[Black "Collmer, Dominik"]
[Result "0-1"]
[Termination "normal"]
[Board "2.4"]
[WhiteElo "1956"]
[BlackElo "1714"]
[WhiteTeam "FSV Großenseebach"]
[BlackTeam "SK München Südost"]
[PlyCount "66"]
[WhiteFideId "24646989"]
[BlackFideId "4620763"]
[EventCountry "GER"]
[EventRounds "7"]
[EventType "team-swiss"]
[EventDate "2007.12.26"]

1. e4 c5 2. d3 Nc6 3. g3 d6 4. Bg2 e5 5. Nf3 Nf6 6. O-O Be7 7. Re1 O-O 8. c3 b5
9. d4 cxd4 10. cxd4 Bg4 11. d5 Nd4 12. Qd3 Nxf3+ 13. Bxf3 Bxf3 14. Qxf3 Rc8 15.
Nc3 b4 16. Na4 Qd7 17. b3 Rc2 18. Bb2 Qh3 19. Qg2 Qxg2+ 20. Kxg2 Ng4 21. Kf3
Nxh2+ 22. Kg2 Ng4 23. Kf3 Nxf2 24. Rec1 Rd2 25. Rc7 Bg5 26. Bc1 Nxe4 27. Bxd2
Nxd2+ 28. Ke2 e4 29. Rxa7 Nf3 30. Rd1 f5 31. Rd7 Rc8 32. Rxd6 Rc2+ 33. Kf1 e3
0-1

[Event "DVM U16 2007"]
[Site "Uelzen GER"]
[Date "2007.12.28"]
[Round "3"]
[White "Dalakian, Haroutioun"]
[Black "Tschlatscher, Thomas"]
[Result "1-0"]
[Termination "normal"]
[Board "3.1"]
[WhiteElo "2031"]
[BlackElo "1986"]
[WhiteTeam "Hamburger SK"]
[BlackTeam "Heilbronner SV"]
[PlyCount "53"]
[WhiteFideId "24632058"]
[BlackFideId "24635863"]
[EventCountry "GER"]
[EventRounds "7"]
[EventType "team-swiss"]
[EventDate "2007.12.26"]

1. e4 e6 2. d4 b6 3. Nc3 Bb7 4. Be3 Nf6 5. e5 Nd5 6. Nxd5 Bxd5 7. Ne2 Bb7 8.
Qd2 Be7 9. O-O-O d5 10. f4 h5 11. h3 c5 12. Rg1 h4 13. g4 hxg3 14. f5 exf5 15.
Rxg3 Qd7 16. Rxg7 Nc6 17. Nf4 Nb4 18. a3 Qa4 19. Kb1 a5 20. e6 c4 21. Rxf7 Rg8
22. Nh5 b5 23. Ng7+ Rxg7 24. Rxg7 Kd8 25. Qh2 f4 26. Bxf4 Bc6 27. Bg5 1-0

[Event "DVM U16 2007"]
[Site "Uelzen GER"]
[Date "2007.12.28"]
[Round "3"]
[White "Pogan, Nikolas"]
[Black "Colpe, Malte"]
[Result "1-0"]
[Termination "normal"]
[Board "3.2"]
[WhiteElo "1992"]
[BlackElo "2020"]
[WhiteTeam "Heilbronner SV"]
[BlackTeam "Hamburger SK"]
[PlyCount "93"]
[WhiteFideId "24673579"]
[BlackFideId "24623075"]
[EventCountry "GER"]
[EventRounds "7"]
[EventType "team-swiss"]
[EventDate "2007.12.26"]

1. e4 c5 2. Nf3 d6 3. c3 Nf6 4. Bd3 Nc6 5. Bc2 g6 6. d4 cxd4 7. cxd4 Bg7 8. Nc3
O-O 9. O-O Bg4 10. Be3 Nd7 11. Ne2 Bxf3 12. gxf3 e5 13. f4 exd4 14. Nxd4 Qf6
15. Nb5 Qxb2 16. Rb1 Qxa2 17. Bb3 Qa5 18. Nxd6 Nb6 19. Nxb7 Qa6 20. Nc5 Qc8 21.
e5 Kh8 22. Qf3 Na5 23. Ba2 Qf5 24. Qe4 Qxe4 25. Nxe4 Nac4 26. Bc5 Rfc8 27. Rfc1
Rxc5 28. Nxc5 Nd2 29. Rb2 Nf3+ 30. Kg2 Nh4+ 31. Kh3 g5 32. Re2 Ng6 33. Re4
Nxf4+ 34. Kg4 Ng6 35. Kxg5 Nxe5 36. f4 h6+ 37. Kf5 Nf3 38. Kg4 f5+ 39. Kxf5
Nxh2 40. Ne6 Nc8 41. Nc7 Nd6+ 42. Ke6 Nxe4 43. Nxa8 Nc3 44. Bb3 Nf3 45. Kf7 h5
46. Rh1 h4 47. Rh3 1-0

[Event "DVM U16 2007"]
[Site "Uelzen GER"]
[Date "2007.12.28"]
[Round "3"]
[White "Ma, Beini"]
[Black "Pogan, Sebastian"]
[Result "0-1"]
[Termination "normal"]
[Board "3.3"]
[WhiteElo "1953"]
[BlackElo "1869"]
[WhiteTeam "Hamburger SK"]
[BlackTeam "Heilbronner SV"]
[PlyCount "88"]
[WhiteFideId "24630101"]
[BlackFideId "24673587"]
[EventCountry "GER"]
[EventRounds "7"]
[EventType "team-swiss"]
[EventDate "2007.12.26"]

1. e4 c5 2. Nf3 d6 3. d4 cxd4 4. Nxd4 Nf6 5. Nc3 g6 6. Be3 Bg7 7. f3 O-O 8. Qd2
Nc6 9. O-O-O Bd7 10. Bc4 Ne5 11. Bb3 Rc8 12. Kb1 Rxc3 13. Qxc3 a5 14. a4 Qa8
15. Qd2 b5 16. Nxb5 Bxb5 17. axb5 a4 18. Bd5 Qb8 19. Bd4 Nxd5 20. Bxe5 Bxe5 21.
Qxd5 Qc7 22. c4 Rc8 23. Rc1 Qa5 24. Qd3 Ra8 25. Rc2 Qb6 26. Rd1 Bxh2 27. Qd5
Rc8 28. Qg5 Be5 29. Qxe7 a3 30. f4 a2+ 31. Ka1 Bxf4 32. Rf1 Rf8 33. Rcf2 Be5
34. Rxf7 Bxb2+ 35. Kxb2 Qd4+ 36. Kxa2 Ra8+ 37. Kb3 Qd3+ 38. Kb2 Qd2+ 39. Kb1
Qb4+ 40. Kc1 Qc3+ 41. Kd1 Qd3+ 42. Kc1 Ra1+ 43. Kb2 Qa3+ 44. Kc2 Ra2+ 0-1

[Event "DVM U16 2007"]
[Site "Uelzen GER"]
[Date "2007.12.28"]
[Round "3"]
[White "Wenninger, Philipp"]
[Black "Daedrich, Timo"]
[Result "1-0"]
[Termination "normal"]
[Board "3.4"]
[WhiteElo "1661"]
[BlackElo "1432"]
[WhiteTeam "Heilbronner SV"]
[BlackTeam "Hamburger SK"]
[PlyCount "31"]
[WhiteFideId "4648404"]
[EventCountry "GER"]
[EventRounds "7"]
[EventType "team-swiss"]
[EventDate "2007.12.26"]

1. d4 Nf6 2. c4 g6 3. Nc3 Bg7 4. e4 O-O 5. f3 d6 6. Be3 Nbd7 7. Bd3 e5 8. d5
Nc5 9. Bc2 Nh5 10. g4 Nf4 11. Qd2 Qf6 12. O-O-O b6 13. h4 a5 14. Nh3 Nxh3 15.
Rxh3 Ba6 16. Bg5 1-0

[Event "DVM U16 2007"]
[Site "Uelzen GER"]
[Date "2007.12.28"]
[Round "3"]
[White "Wortmann, Jonas"]
[Black "Wendling, Hannes"]
[Result "1/2-1/2"]
[Termination "normal"]
[Board "4.1"]
[WhiteElo "2043"]
[BlackElo "2146"]
[WhiteTeam "SF Limburgerhof"]
[BlackTeam "SV Empor Erfurt"]
[PlyCount "96"]
[WhiteFideId "24628069"]
[BlackFideId "24624284"]
[EventCountry "GER"]
[EventRounds "7"]
[EventType "team-swiss"]
[EventDate "2007.12.26"]

1. e4 c5 2. Nf3 d6 3. d4 cxd4 4. Nxd4 Nf6 5. Nc3 a6 6. Bd3 e5 7. Nde2 Be6 8.
O-O Be7 9. Kh1 O-O 10. f4 Qc7 11. Qe1 Nbd7 12. Qg3 Rfe8 13. Be3 b5 14. a3 Rad8
15. Rad1 Bf8 16. f5 Bc4 17. b3 Bxd3 18. cxd3 d5 19. Nxd5 Nxd5 20. exd5 f6 21.
b4 Nb6 22. Rc1 Qb7 23. Bxb6 Qxb6 24. Rc6 Qb7 25. Rxf6 Rxd5 26. Re6 Rxe6 27.
fxe6 Qe7 28. Qf3 Rd6 29. Qf7+ Qxf7 30. exf7+ Kh8 31. Rf3 g6 32. Kg1 Kg7 33. Nc3
Rd7 34. Kf2 Rxf7 35. Rxf7+ Kxf7 36. Nd5 Bd6 37. Ke3 Ke6 38. Ke4 Bb8 39. h3 Kd6
40. g4 Ba7 41. Nf6 h6 42. h4 Bd4 43. h5 gxh5 44. gxh5 Bb2 45. Ng4 Bxa3 46. Nxh6
Ke6 47. Nf5 Kf6 48. Ne3 Bb2 1/2-1/2

[Event "DVM U16 2007"]
[Site "Uelzen GER"]
[Date "2007.12.28"]
[Round "3"]
[White "König, Tobias Marius"]
[Black "Grimm, Christian"]
[Result "0-1"]
[Termination "normal"]
[Board "4.4"]
[WhiteElo "1367"]
[BlackElo "1531"]
[WhiteTeam "SV Empor Erfurt"]
[BlackTeam "SF Limburgerhof"]
[PlyCount "48"]
[BlackFideId "24659592"]
[EventCountry "GER"]
[EventRounds "7"]
[EventType "team-swiss"]
[EventDate "2007.12.26"]

1. e4 c5 2. Nc3 Nc6 3. f4 e6 4. Nf3 d5 5. e5 Nh6 6. Bb5 Bd7 7. Bxc6 Bxc6 8. d4
Nf5 9. g4 Nxd4 10. Nxd4 cxd4 11. Qxd4 b6 12. Be3 Bc5 13. Qd3 Bxe3 14. Ne2 d4
15. Rf1 Bg2 16. Ng3 Bxf1 17. Kxf1 Rc8 18. Rd1 Qd5 19. Ne4 O-O 20. Ke2 Qc4 21.
Qxc4 Rxc4 22. c3 Bxf4 23. b3 dxc3 24. bxc4 c2 0-1

[Event "DVM U16 2007"]
[Site "Uelzen GER"]
[Date "2007.12.28"]
[Round "3"]
[White "Kachibadze, Georg"]
[Black "Schätz, Christopher"]
[Result "0-1"]
[Termination "normal"]
[Board "5.1"]
[WhiteElo "2085"]
[BlackElo "1982"]
[WhiteTeam "TuS Makkabi Berlin"]
[BlackTeam "USG Chemnitz"]
[PlyCount "56"]
[WhiteFideId "24640794"]
[BlackFideId "24623997"]
[EventCountry "GER"]
[EventRounds "7"]
[EventType "team-swiss"]
[EventDate "2007.12.26"]

1. e4 c5 2. Nf3 d6 3. d4 cxd4 4. Nxd4 Nf6 5. Nc3 Nc6 6. Be3 e5 7. Nb3 Be6 8.
Be2 d5 9. exd5 Nxd5 10. Nxd5 Bxd5 11. O-O Be7 12. c3 O-O 13. Qc2 Qc7 14. Rad1
Rad8 15. Rd2 f5 16. f4 Be4 17. Qc1 Bd6 18. Nc5 exf4 19. Ne6 fxe3 20. Nxc7 exd2
21. Qd1 Bxc7 22. a4 Bb6+ 23. Kh1 Ne5 24. a5 Bxa5 25. Qb3+ Kh8 26. Qb5 Rd5 27.
Qa4 Bd3 28. Bxd3 Nxd3 0-1

[Event "DVM U16 2007"]
[Site "Uelzen GER"]
[Date "2007.12.28"]
[Round "3"]
[White "Oltmanns, Ingmar"]
[Black "Kropman, Alexei"]
[Result "0-1"]
[Termination "normal"]
[Board "5.2"]
[WhiteElo "1929"]
[BlackElo "1912"]
[WhiteTeam "USG Chemnitz"]
[BlackTeam "TuS Makkabi Berlin"]
[PlyCount "76"]
[WhiteFideId "4613910"]
[BlackFideId "24670723"]
[EventCountry "GER"]
[EventRounds "7"]
[EventType "team-swiss"]
[EventDate "2007.12.26"]

1. Nf3 d5 2. c4 e6 3. d4 Nf6 4. Nc3 Be7 5. cxd5 exd5 6. Bg5 Nbd7 7. e3 O-O 8.
Bd3 Re8 9. Qc2 c6 10. Nd2 Nf8 11. O-O-O Be6 12. Rdg1 a5 13. g4 Nxg4 14. Bxe7
Rxe7 15. Rg2 g6 16. Rhg1 Qc8 17. Nf3 Nh6 18. Nh4 Bg4 19. Rg3 Bh5 20. Ne2 Bxe2
21. Qxe2 Kh8 22. Qf3 Qe6 23. Qf4 Ng8 24. Bf5 Qf6 25. Qg4 Nh6 26. Qh3 Nxf5 27.
Nxf5 Re4 28. Rf3 gxf5 29. Rxf5 Qe6 30. Rfg5 Ng6 31. Qh6 Rh4 32. Rh5 Rxh5 33.
Qxh5 c5 34. Qg5 cxd4 35. exd4 Rc8+ 36. Kb1 Qe4+ 37. Ka1 Qf4 38. Qxf4 Nxf4 0-1

[Event "DVM U16 2007"]
[Site "Uelzen GER"]
[Date "2007.12.28"]
[Round "3"]
[White "Paris, Grigori"]
[Black "Leschner, Marius"]
[Result "1/2-1/2"]
[Termination "normal"]
[Board "5.3"]
[WhiteElo "1442"]
[BlackElo "1756"]
[WhiteTeam "TuS Makkabi Berlin"]
[BlackTeam "USG Chemnitz"]
[PlyCount "70"]
[WhiteFideId "24651303"]
[BlackFideId "4613813"]
[EventCountry "GER"]
[EventRounds "7"]
[EventType "team-swiss"]
[EventDate "2007.12.26"]

1. e4 e6 2. d4 d5 3. exd5 exd5 4. Bd3 Bd6 5. Ne2 Ne7 6. Bf4 O-O 7. O-O Bg4 8.
f3 Bf5 9. c3 Bxf4 10. Nxf4 Qd6 11. Qd2 Nbc6 12. Bxf5 Nxf5 13. Re1 Rae8 14. Na3
a6 15. Nd3 Nd8 16. Nc2 Ne6 17. Re5 g6 18. Rae1 Re7 19. Ncb4 c6 20. Nc2 Rfe8 21.
a3 b6 22. b4 f6 23. R5e2 Nc7 24. Rxe7 Rxe7 25. Rxe7 Qxe7 26. Kf2 Kf7 27. Qe2
Nd6 28. Qxe7+ Kxe7 29. a4 Nc4 30. Ke2 Kd6 31. Ne3 Nxe3 32. Kxe3 Ne6 33. Nf4
Nxf4 34. Kxf4 Ke6 35. h4 h6 1/2-1/2

[Event "DVM U16 2007"]
[Site "Uelzen GER"]
[Date "2007.12.28"]
[Round "3"]
[White "Le Minh, Viet"]
[Black "Sawlin, Leonid"]
[Result "1-0"]
[Termination "normal"]
[Board "5.4"]
[WhiteElo "1627"]
[BlackElo "1520"]
[WhiteTeam "USG Chemnitz"]
[BlackTeam "TuS Makkabi Berlin"]
[PlyCount "112"]
[BlackFideId "4689542"]
[EventCountry "GER"]
[EventRounds "7"]
[EventType "team-swiss"]
[EventDate "2007.12.26"]

1. e4 d6 2. d4 Nf6 3. Nc3 g6 4. Nf3 Bg7 5. Bf4 c6 6. Qd2 h5 7. O-O-O b5 8. Bd3
Qa5 9. a3 Qb6 10. e5 dxe5 11. dxe5 Ng4 12. Nxb5 O-O 13. Nbd4 Nd7 14. Rde1 c5
15. Nb3 Bb7 16. h3 Bxf3 17. hxg4 Bxg4 18. Bc4 Rad8 19. Qa5 e6 20. Qxb6 axb6 21.
f3 Bf5 22. Rhg1 g5 23. Bxg5 Rb8 24. f4 b5 25. Be2 c4 26. Nd4 Bg6 27. Nc6 Rb6
28. Bf3 Nc5 29. Be7 Nd7 30. Bxf8 Bxf8 31. Rd1 Nc5 32. Rd8 Kg7 33. Rb8 Rxb8 34.
Nxb8 Kg8 35. Bc6 Bh6 36. Rf1 Ne4 37. Bxb5 Ng3 38. Rf2 Nh1 39. Rf1 Ng3 40. Re1
Bxf4+ 41. Kb1 Nf5 42. Bxc4 Ne3 43. Bd3 Bxd3 44. cxd3 Nxg2 45. Rg1 Kh7 46. Rxg2
Bxe5 47. Nd7 Bf4 48. b4 h4 49. Nf6+ Kh6 50. Ng4+ Kh5 51. Nf2 Bg3 52. b5 f5 53.
b6 f4 54. b7 f3 55. Rxg3 hxg3 56. b8=Q gxf2 1-0

[Event "DVM U16 2007"]
[Site "Uelzen GER"]
[Date "2007.12.28"]
[Round "3"]
[White "Stitterich, Nadine"]
[Black "Zhou, Syang"]
[Result "1/2-1/2"]
[Termination "normal"]
[Board "6.1"]
[WhiteElo "1745"]
[BlackElo "1940"]
[WhiteTeam "SV Stuttgart-Wolfbusch"]
[BlackTeam "SF Deizisau"]
[PlyCount "115"]
[WhiteFideId "24676527"]
[BlackFideId "24636126"]
[EventCountry "GER"]
[EventRounds "7"]
[EventType "team-swiss"]
[EventDate "2007.12.26"]

1. e4 c5 2. Nf3 d6 3. d4 cxd4 4. Nxd4 Nf6 5. Nc3 g6 6. Be3 Bg7 7. Bc4 Nc6 8. f3
O-O 9. O-O Bd7 10. Qd2 a6 11. Bb3 Rc8 12. Rad1 b5 13. a3 Na5 14. f4 Nxb3 15.
Nxb3 a5 16. e5 b4 17. Ne2 Ne4 18. Qd5 Bc6 19. Qd4 bxa3 20. bxa3 dxe5 21. fxe5
Qxd4 22. Bxd4 Bb5 23. Rfe1 Rxc2 24. Nf4 Nc3 25. Rc1 Rxc1 26. Rxc1 Bh6 27. Rxc3
Bxf4 28. Rf3 a4 29. Rxf4 axb3 30. Bb2 Rc8 31. Rf3 Ba4 32. Rf2 Bc6 33. Kf1 Kf8
34. Ke1 Bd5 35. Rd2 Rc2 36. g3 Rxd2 37. Kxd2 Ke8 38. Ke3 Kd7 39. Kd4 Ke6 40.
Ke3 Bg2 41. h4 Kf5 42. Ba1 h5 43. Bb2 Bc6 44. Ba1 f6 45. exf6 exf6 46. Bb2 g5
47. hxg5 fxg5 48. Bc1 h4 49. gxh4 gxh4 50. Kf2 Ke4 51. Kg1 Kd3 52. Bb2 Kc2 53.
Bf6 Kd3 54. Kh2 Ke4 55. Bb2 Bd7 56. Ba1 Kd3 57. Bg7 Bc8 58. Bf6 1/2-1/2

[Event "DVM U16 2007"]
[Site "Uelzen GER"]
[Date "2007.12.28"]
[Round "3"]
[White "Früchel, Marcel"]
[Black "Lobmeyer, Fabian"]
[Result "1/2-1/2"]
[Termination "normal"]
[Board "6.2"]
[WhiteElo "1761"]
[BlackElo "1648"]
[WhiteTeam "SF Deizisau"]
[BlackTeam "SV Stuttgart-Wolfbusch"]
[PlyCount "85"]
[WhiteFideId "24667218"]
[BlackFideId "24659681"]
[EventCountry "GER"]
[EventRounds "7"]
[EventType "team-swiss"]
[EventDate "2007.12.26"]

1. d4 Nf6 2. c4 e6 3. Nf3 Bb4+ 4. Nbd2 d5 5. e3 O-O 6. a3 Be7 7. Bd3 b6 8. O-O
Ba6 9. Qe2 Nbd7 10. b3 c5 11. Bb2 Rc8 12. Rac1 Rc7 13. Rc2 Bd6 14. Rfc1 Qe7 15.
e4 dxe4 16. Nxe4 Bf4 17. Re1 cxd4 18. Bxd4 Bb7 19. b4 Nxe4 20. Bxe4 Bxe4 21.
Qxe4 Bh6 22. Be3 Nf6 23. Qd3 Bxe3 24. Qxe3 Rfc8 25. Rec1 Nd7 26. Nd4 a6 27. Nf5
Qf8 28. Nd4 Qd6 29. Nb3 Rxc4 30. Rxc4 Rxc4 31. h3 Rxc1+ 32. Qxc1 Qb8 33. Nd4
Nf6 34. Qc6 Qd8 35. a4 h6 36. Nf3 Nd5 37. b5 a5 38. g3 Qc7 39. Qe8+ Kh7 40. Nd4
Nf6 41. Qc6 Qd8 42. Nc2 Qd1+ 43. Kg2 1/2-1/2

[Event "DVM U16 2007"]
[Site "Uelzen GER"]
[Date "2007.12.28"]
[Round "3"]
[White "Rothengaß, Marc"]
[Black "Hamm, Lukas"]
[Result "0-1"]
[Termination "normal"]
[Board "6.4"]
[WhiteElo "1485"]
[BlackElo "1472"]
[WhiteTeam "SF Deizisau"]
[BlackTeam "SV Stuttgart-Wolfbusch"]
[PlyCount "116"]
[WhiteFideId "24659606"]
[BlackFideId "24659690"]
[EventCountry "GER"]
[EventRounds "7"]
[EventType "team-swiss"]
[EventDate "2007.12.26"]

1. e4 e5 2. Nf3 Nc6 3. d4 exd4 4. Nxd4 Bc5 5. Nxc6 bxc6 6. Bc4 Ne7 7. O-O O-O
8. Re1 d6 9. Be3 Bxe3 10. Rxe3 Ng6 11. Nc3 Ne5 12. Bb3 Qh4 13. f3 Qg5 14. Re2
Nxf3+ 15. Kh1 Ne5 16. Qd2 Qe7 17. Rae1 Ba6 18. Re3 Qg5 19. Qc1 Ng4 20. Rf3 Qh4
21. h3 Ne5 22. Rfe3 Rae8 23. Ne2 Ng4 24. Rf3 Rxe4 25. Qd2 Rxe2 26. Rxe2 Bxe2
27. Qxe2 Ne5 28. Rf1 Qd4 29. c3 Qd3 30. Qf2 Qb5 31. Rd1 Qb6 32. Qxb6 axb6 33.
Kg1 Re8 34. Kf1 Kf8 35. Rd2 g6 36. Kf2 Nd7 37. Kf1 Nc5 38. Bc2 Ne4 39. Bxe4
Rxe4 40. Kf2 f5 41. a3 Kf7 42. Kf3 Re5 43. Rd4 Rb5 44. Rd2 g5 45. Kg3 Kf6 46.
Kf3 Re5 47. Kf2 h5 48. Rd4 Rb5 49. Rd2 f4 50. Kf3 Kf5 51. Re2 Re5 52. Rd2 Re3+
53. Kf2 g4 54. hxg4+ hxg4 55. Re2 Rxe2+ 56. Kxe2 Ke4 57. b4 b5 58. c4 Kd4 0-1

[Event "DVM U16 2007"]
[Site "Uelzen GER"]
[Date "2007.12.28"]
[Round "3"]
[White "Grzonka, Raphael"]
[Black "Moshtael, Wesal"]
[Result "0-1"]
[Termination "normal"]
[Board "7.1"]
[WhiteElo "1827"]
[BlackElo "2113"]
[WhiteTeam "Brackweder SK"]
[BlackTeam "SK Johanneum Eppendorf"]
[PlyCount "46"]
[WhiteFideId "4623304"]
[BlackFideId "24618551"]
[EventCountry "GER"]
[EventRounds "7"]
[EventType "team-swiss"]
[EventDate "2007.12.26"]

1. e4 c5 2. Nf3 d6 3. d4 cxd4 4. Nxd4 Nf6 5. Nc3 a6 6. Be3 e6 7. f3 b5 8. Qd2
Nbd7 9. O-O-O Bb7 10. Nb3 Rc8 11. g4 Ne5 12. Nd4 h6 13. Be2 b4 14. Na4 d5 15.
exd5 Nxd5 16. Rhf1 Qa5 17. b3 Nc3 18. f4 Nxa4 19. bxa4 Qxa4 20. fxe5 Qxa2 21.
Nb3 Bd5 22. Qd3 Rc3 23. Qxa6 Qxc2# 0-1

[Event "DVM U16 2007"]
[Site "Uelzen GER"]
[Date "2007.12.28"]
[Round "3"]
[White "Stellfeld, Tilman"]
[Black "Stockhuß, Kevin"]
[Result "0-1"]
[Termination "normal"]
[Board "7.2"]
[WhiteElo "1586"]
[BlackElo "1803"]
[WhiteTeam "SK Johanneum Eppendorf"]
[BlackTeam "Brackweder SK"]
[PlyCount "76"]
[WhiteFideId "24651311"]
[EventCountry "GER"]
[EventRounds "7"]
[EventType "team-swiss"]
[EventDate "2007.12.26"]

1. Nf3 d6 2. g3 Nf6 3. Bg2 g6 4. O-O Bg7 5. d4 O-O 6. c4 Nbd7 7. Nc3 c5 8. e4
cxd4 9. Nxd4 Ne5 10. b3 Bd7 11. Bb2 Nc6 12. Nc2 Qc8 13. Re1 Bh3 14. Bh1 Ne5 15.
Ne3 Nfg4 16. Ned5 Re8 17. Nf4 Nxf2 18. Qc2 Nxh1 19. Kxh1 Bg4 20. Rf1 Bf3+ 21.
Ng2 Qh3 22. Kg1 Qxg2+ 23. Qxg2 Bxg2 24. Kxg2 Nd3 25. Nd5 Bxb2 26. Rad1 Nc5 27.
Nc7 Rac8 28. Nxe8 Rxe8 29. Rfe1 a5 30. Re2 Be5 31. Kf3 Ne6 32. Red2 h5 33. Rd5
Nc5 34. Rb1 Kg7 35. a3 a4 36. bxa4 Ra8 37. Rc1 Rxa4 38. Rd2 Nb3 0-1

[Event "DVM U16 2007"]
[Site "Uelzen GER"]
[Date "2007.12.28"]
[Round "3"]
[White "Olyschläger, Richard"]
[Black "Rabinovitch, Alexej"]
[Result "1-0"]
[Termination "normal"]
[Board "7.3"]
[WhiteElo "1884"]
[BlackElo "1674"]
[WhiteTeam "Brackweder SK"]
[BlackTeam "SK Johanneum Eppendorf"]
[PlyCount "77"]
[WhiteFideId "24630209"]
[BlackFideId "12921696"]
[EventCountry "GER"]
[EventRounds "7"]
[EventType "team-swiss"]
[EventDate "2007.12.26"]

1. Nf3 Nf6 2. g3 d5 3. Bg2 Bf5 4. O-O e6 5. b3 Nbd7 6. Bb2 Bd6 7. c4 c6 8. d3
O-O 9. Nbd2 Re8 10. Qc2 Qc7 11. Rae1 Bg6 12. Nh4 Re7 13. e4 Rae8 14. Kh1 h6 15.
f4 Bc5 16. a3 Qb6 17. b4 dxe4 18. dxe4 Ng4 19. bxc5 Qxc5 20. Re2 Ne3 21. Qc3 e5
22. Qxe3 exf4 23. Qxc5 Nxc5 24. Nxg6 fxg6 25. gxf4 Nd3 26. Bc3 Rf7 27. Be5 g5
28. Re3 Nxf4 29. Bxf4 gxf4 30. Ref3 Rd8 31. R1f2 g5 32. Bh3 Kg7 33. Bf5 Rd4 34.
Kg2 Re7 35. Kf1 Re8 36. Ke1 Red8 37. h4 R4d6 38. hxg5 hxg5 39. Rh3 1-0